Noktadan mekana 2: Dokuz Eylül Üniversitesi mimari tasarım birinci sınıf (İşler - Çalışmalar) (Record no. 21597)

000 -LEADER
fixed length control field 01863nmm a2200469 a 4500
001 - CONTROL NUMBER
control field ocm0002348275
003 - CONTROL NUMBER IDENTIFIER
control field TR-IsHL
005 - DATE AND TIME OF LATEST TRANSACTION
control field 20201028185730.0
008 - FIXED-LENGTH DATA ELEMENTS--GENERAL INFORMATION
fixed length control field 191121s2018 tu tur
007 - PHYSICAL DESCRIPTION FIXED FIELD--GENERAL INFORMATION
fixed length control field cr cn
020 ## - INTERNATIONAL STANDARD BOOK NUMBER
International Standard Book Number 9786059579377
035 ## - SYSTEM CONTROL NUMBER
System control number 2348275
-- (N$T)
050 04 - LIBRARY OF CONGRESS CALL NUMBER
Classification number NA2850
Item number .N65 2018
090 04 - LOCALLY ASSIGNED LC-TYPE CALL NUMBER (OCLC); LOCAL CALL NUMBER (RLIN)
Classification number (OCLC) (R) ; Classification number, CALL (RLIN) (NR) NA2850
Local cutter number (OCLC) ; Book number/undivided call number, CALL (RLIN) .N65 2018
245 10 - TITLE STATEMENT
Title Noktadan mekana 2: Dokuz Eylül Üniversitesi mimari tasarım birinci sınıf (İşler - Çalışmalar)
Medium [electronic resource] /
Statement of responsibility, etc. editörler Özlem Arıtan, Burcu Gülay Taşçı, Ebru Güller, Nurten Özdemir ; yazarlar Ahmet İlker Yalıner Burcu Gülay Taşçı Can Hazal Ar Didem Akyol Altun Ebru Güller Emel Kayın Fulya Selçuk Gamze Saygı Hasan Begeç Hüsamettin Özkaymakçı İlknur Türkseven Doğrusoy ; çizimler Rafet Utku ; fotograf Emre Tuncer
260 ## - PUBLICATION, DISTRIBUTION, ETC.
Place of publication, distribution, etc. İstanbul :
Name of publisher, distributor, etc. Yalın Yayıncılık,
Date of publication, distribution, etc. 2018
300 ## - PHYSICAL DESCRIPTION
Extent 202 p.
500 ## - GENERAL NOTE
General note Kaynakça sayfa:202
650 #4 - SUBJECT ADDED ENTRY--TOPICAL TERM
Topical term or geographic name entry element Mimarlık ve Tasarım
650 #4 - SUBJECT ADDED ENTRY--TOPICAL TERM
Topical term or geographic name entry element Architecture and Design
650 #0 - SUBJECT ADDED ENTRY--TOPICAL TERM
Topical term or geographic name entry element Mimari tasarım
650 #0 - SUBJECT ADDED ENTRY--TOPICAL TERM
Topical term or geographic name entry element Architectural design
650 #7 - SUBJECT ADDED ENTRY--TOPICAL TERM
Topical term or geographic name entry element ARCHITECTURE / Design, Drafting, Drawing & Presentation
Source of heading or term bisacsh
700 1# - ADDED ENTRY--PERSONAL NAME
Personal name Arıtan, Özlem
700 1# - ADDED ENTRY--PERSONAL NAME
Personal name Taşçı, Burcu Gülay
700 1# - ADDED ENTRY--PERSONAL NAME
Personal name Güller, Ebru
700 1# - ADDED ENTRY--PERSONAL NAME
Personal name Özdemir, Nurten
700 1# - ADDED ENTRY--PERSONAL NAME
Personal name Yalıner, Ahmet İlker
700 1# - ADDED ENTRY--PERSONAL NAME
Personal name Taşçı, Burcu Gülay
700 1# - ADDED ENTRY--PERSONAL NAME
Personal name Ar, Can Hazal
700 1# - ADDED ENTRY--PERSONAL NAME
Personal name Altun, Didem Akyol
700 1# - ADDED ENTRY--PERSONAL NAME
Personal name Güller, Ebru
700 1# - ADDED ENTRY--PERSONAL NAME
Personal name Kayın, Emel
700 1# - ADDED ENTRY--PERSONAL NAME
Personal name Selçuk, Fulya
700 1# - ADDED ENTRY--PERSONAL NAME
Personal name Saygı, Gamze
700 1# - ADDED ENTRY--PERSONAL NAME
Personal name Begeç, Hasan
700 1# - ADDED ENTRY--PERSONAL NAME
Personal name Özkaymakçı, Hüsamettin
700 1# - ADDED ENTRY--PERSONAL NAME
Personal name Doğrusoy, İlknur Türkseven
700 1# - ADDED ENTRY--PERSONAL NAME
Personal name Utku, Rafet
700 1# - ADDED ENTRY--PERSONAL NAME
Personal name Tuncer, Emre
856 40 - ELECTRONIC LOCATION AND ACCESS
Uniform Resource Identifier <a href="http://search.ebscohost.com/login.aspx?direct=true&scope=site&db=e011xww&AN=2348275">http://search.ebscohost.com/login.aspx?direct=true&scope=site&db=e011xww&AN=2348275</a>
Holdings
Withdrawn status Lost status Source of classification or shelving scheme Damaged status Not for loan Collection code Permanent Location Current Location Date acquired Total Checkouts Full call number Barcode Date last seen Price effective from Koha item type
        Online   Kıbrıs Amerikan Üniversitesi Kütüphanesi / American University of Cyprus Kıbrıs Amerikan Üniversitesi Kütüphanesi / American University of Cyprus 28.10.2020   NA2850 .N65 2018 2348275 28.10.2020 28.10.2020 E-Kitap
Devinim Yazılım Eğitim Danışmanlık tarafından Koha'nın orjinal sürümü uyarlanarak geliştirilip kurulmuştur.